|
|
|
|
| LEADER |
00000nam0a2200000 4500 |
| 001 |
322101 |
| 005 |
20231102003436.0 |
| 035 |
|
|
|a (RuTPU)RU\TPU\book\347657
|
| 090 |
|
|
|a 322101
|
| 100 |
|
|
|a 20160915d1971 m y0rusy50 ca
|
| 101 |
0 |
|
|a rus
|
| 102 |
|
|
|a RU
|
| 105 |
|
|
|a y z 000zy
|
| 200 |
1 |
|
|a Проблемы социальной политики КПСС
|f Г. А. Дмитриев
|
| 210 |
|
|
|a Москва
|c Знание
|d 1971
|
| 215 |
|
|
|a 32 с.
|
| 225 |
1 |
|
|a Библиотечка "Актуальные проблемы деятельности КПСС"
|
| 606 |
1 |
|
|a Социальная политика
|x Социально-политические проблемы
|2 stltpush
|3 (RuTPU)RU\TPU\subj\64561
|9 81410
|
| 610 |
1 |
|
|a КПСС
|
| 610 |
1 |
|
|a Коммунистическая партия Советского Союза
|
| 610 |
1 |
|
|a социальная деятельность
|
| 610 |
1 |
|
|a социальная работа
|
| 610 |
1 |
|
|a социальная структура
|
| 610 |
1 |
|
|a советское общество
|
| 610 |
1 |
|
|a 20 век
|
| 610 |
1 |
|
|a история
|
| 610 |
1 |
|
|a социальная однородность
|
| 686 |
|
|
|a Ю3(2)3
|v LBC/SL-A
|2 rubbk
|
| 700 |
|
1 |
|a Дмитриев
|b Г. А.
|g Генрих Акиндинович
|
| 801 |
|
1 |
|a RU
|b 63413507
|c 20160915
|
| 801 |
|
2 |
|a RU
|b 63413507
|c 20160922
|g RCR
|
| 942 |
|
|
|c BK
|